| 000 | 00967nam a2200265 a 4500 | ||
|---|---|---|---|
| 005 | 20180803165127.0 | ||
| 008 | 140312b2003 ck d fr|||| 00| 0 spa d | ||
| 040 |
_aCO-BoIAVH _cCO-BoIAVH |
||
| 041 | 0 | _aspa | |
| 044 | _ack | ||
| 082 | 0 | 4 |
_a658.4083 _bC57g1 |
| 110 | 2 |
_aColombia. _b Ministerio de Ambiente, Vivienda y Desarrollo Territorial. |
|
| 245 | 1 | 0 | _aGuías para manejo seguro y gestión ambiental de 25 sustancias químicas |
| 260 |
_aBogotá : _bMinambiente : _bConsejo Colombiano de Seguridad, _c2003. |
||
| 300 |
_a431 páginas : _btablas ; _c33 x 22 cm. |
||
| 504 | _aIncluye referencias bibliográficas (páginas 385-386). | ||
| 650 | 4 | _aManejo de sustancias tóxicas | |
| 650 | 6 | _aElementos químicos | |
| 650 | 6 | _aTecnología limpia | |
| 650 | 6 | _aGuías ambientales | |
| 650 | 6 | _aGestión ambiental | |
| 662 | _aColombia | ||
| 710 | 2 | _aConsejo Colombiano de Seguridad | |
| 942 |
_cLIBRO _2ddc |
||
| 999 |
_c3854 _d3854 |
||